| 000 | 01031nam a2200265 a 4500 | ||
|---|---|---|---|
| 001 | 000011862 | ||
| 005 | 20200929162609.0 | ||
| 008 | 091028s1978 ag ad 001 0 spa d | ||
| 040 |
_aDO-SdBNP _bspa _cBNPHU |
||
| 041 | 1 | 7 |
_aspa _heng _2Código de idioma MARC |
| 082 |
_a149.94 _bS471a |
||
| 100 | 1 |
_aSebeok, Thomas A., et al. _928034 |
|
| 240 | 1 | 0 |
_aApproaches to semiotics _lespañol |
| 245 | 1 | 0 |
_aSemiótica aplicada / _ccompiladores, Thomas A. Sebeok, Alfred Hayes, Mary C. Bateson ; traducción, María Cristina Davolio. |
| 260 |
_aBuenos Aires : _bNueva Visión, _c1978. |
||
| 300 |
_a384 p. : _bil., tablas ; _c23 cm. |
||
| 534 |
_pTítulo original en inglés: _tApproaches to semiotics _cLa Haya: Mouton & Co., 1964 |
||
| 650 | 4 |
_aSemántica (filosofía) _927878 |
|
| 650 | 4 |
_aSemiología (lingüística) _928035 |
|
| 700 | 1 |
_aSebeok, Thomas A., _ecomp. _928036 |
|
| 700 | 1 |
_aHayes, Alfred, _ecomp. _928037 |
|
| 700 | 1 |
_aBateson, Mary C., _ecomp. _928038 |
|
| 700 | 1 |
_aDavolio, María Cristina, _etr. _928039 |
|
| 049 | _aBNGR | ||
| 999 |
_c11536 _d11536 |
||